Ứng dụng lí thuyết sai phân để giải toán THPT
Ứng dụng Tính chất sai phân để giải toán THPT. Ứng dụng của phần mềm Maple trong giải toán sai phân
Enregistré dans:
| Auteur principal: | |
|---|---|
| Autres auteurs: | |
| Format: | Livre |
| Langue: | Vietnamese |
| Publié: |
Đà Nẵng
Đại học Đà Nẵng
2015
|
| Sujets: | |
| Tags: |
Ajouter un tag
Pas de tags, Soyez le premier à ajouter un tag!
|
| Thư viện lưu trữ: | Mạng thư viện Đại học Đà Nẵng |
|---|
| LEADER | 01599nam a2200349 4500 | ||
|---|---|---|---|
| 001 | 000023762 | ||
| 003 | 20215 | ||
| 005 | 20160323160321.0 | ||
| 008 | 160225s2015 viesd | ||
| 041 | |a vie | ||
| 082 | 1 | 4 | |a 515.625 |b LÊ-N |
| 100 | 1 | |a Lê Thị Hồng Nhung | |
| 245 | 1 | |a Ứng dụng lí thuyết sai phân để giải toán THPT |c Lê Thị Hồng Nhung ; Lê Hải Trung hướng dẫn. |k Luận văn Thạc sĩ | |
| 260 | |a Đà Nẵng |b Đại học Đà Nẵng |c 2015 | ||
| 300 | |a 80 tr. ; phụ lục 3 tr. |c 29 cm. |e Tóm tắt | ||
| 500 | |a Luận văn thạc sĩ Khoa học. Chuyên ngành: Phương pháp toán sơ cấp. Mã số: 60.46.01.13 | ||
| 520 | 3 | |a Ứng dụng Tính chất sai phân để giải toán THPT. Ứng dụng của phần mềm Maple trong giải toán sai phân | |
| 650 | 0 | 4 | |a Lý thuyết sai phân (toán học) |v Luận văn tốt nghiệp |x Ứng dụng giải toán THPT |
| 653 | |a Lí thuyết sai phân (toán học) | ||
| 653 | |a Phương pháp toán sơ cấp | ||
| 653 | |a Ứng dụng giải toán THPT | ||
| 700 | 1 | |a Lê Hải Trung |c TS. |e Hướng dẫn | |
| OWN | |a LSP | ||
| AVA | |a UDN50 |b LSP |d 515.625 LÊ-N |e available |t Error 5001 Not defined in file expand_doc_bib_avail. |f 1 |g 0 |h N |i 0 |k 1 | ||
| 999 | |a From the UDN01 | ||
| AVA | |a UDN50 |b LSP |d 515.625 LÊ-N |e available |t Error 5001 Not defined in file expand_doc_bib_avail. |f 1 |g 0 |h N |i 0 |k 1 | ||
| TYP | |a Monograph | ||
| TYP | |a Printed language | ||
| 980 | |a Mạng thư viện Đại học Đà Nẵng | ||